000 01648cam a2200133 4500500
005 20260405013713.0
041 _afre
042 _adc
100 1 0 _aGomez, Thomas
_eauthor
245 0 0 _aDroit de conquête et droits des Indiens : La société espagnole face aux populations amérindiennes
260 _bArmand Colin,
_c2014.
520 _aLa conquête de l’Amérique a contribué de manière décisive à l’enrichissement des connaissances en Europe. L’irruption d’une « humanité américaine » a révélé des situations inconnues, venant bousculer les idées reçues et mettre en cause les anciens schémas idéologiques et institutionnels. De nouvelles questions se sont posées aux colonisateurs, sources d’interminables discussions, de rudes et subtils débats de nature théologique et juridique. Ce travail intellectuel s’est cristallisé sous la forme d’une abondante législation dont l’efficacité a trouvé ses limites dans les intérêts économiques de ceux qui tiraient profit de l’exploitation coloniale. Pourtant, sur le plan des principes, les controverses suscitées en Espagne par la conquête militaire et spirituelle ont été à l’origine d’avancées considérables en matière de relations entre les hommes et les États. Après une présentation des outils conceptuels indispensables à la compréhension des problèmes, on trouvera dans cet ouvrage révisé une étude très fouillée de ces différentes questions, replacées dans leur contexte historique.
856 4 1 _uhttps://shs.cairn.info/droit-de-conquete-et-droits-des-indiens--9782200293055?lang=fr&redirect-ssocas=7080
999 _c2107447
_d2107447